000 00316 a2200145 4500
999 _c12252
_d12252
003 OSt
005 20231228160146.0
008 231228b ||||| |||| 00| 0 eng d
020 _a9788957704554
082 _a690.8314
100 _aDaewoo
245 _aResidential Buildings
260 _bArchiworld
942 _2ddc